[Event "BEL-chT 1819"]
[Site "Belgium"]
[Date "2019.04.07"]
[Round "11.8"]
[White "Servais, Frederic"]
[Black "Willemsma, Abe"]
[Result "0-1"]
[WhiteElo "1716"]
[BlackElo "2098"]
[PlyCount "62"]
[EventDate "2018.09.30"]
[EventType "team-tourn"]
[EventRounds "11"]
[EventCountry "BEL"]
[SourceTitle "CBM 189 Extra"]
[Source "ChessBase"]
[SourceDate "2019.05.31"]
[SourceVersion "1"]
[SourceVersionDate "2019.05.31"]
[SourceQuality "1"]
[WhiteTeam "Boitsfort"]
[BlackTeam "Jean Jaures"]
[WhiteTeamCountry "BEL"]
[BlackTeamCountry "BEL"]

1. c4 c5 2. g3 g6 3. Nc3 Bg7 4. Bg2 Nc6 5. e3 d6 6. Nge2 Nf6 7. 0-0 h5 8. h3 Bd7 9. d4 Qc8 10. Kh2 Rb8 11. b3 a6 12. Bb2 b5 13. cxb5 axb5 14. dxc5 dxc5 15. Qc2 0-0 16. Rfd1 c4 17. bxc4 bxc4 18. a3 Ne5 19. Nf4 Bc6 20. Ra2 Bxg2 21. Kxg2 Qc6+ 22. e4 e6 23. f3 g5 24. Nfe2 g4 25. hxg4 hxg4 26. fxg4 Nfxg4 27. Bc1 Nd3 28. Bd2 f5 29. Qa4 Qc5 30. Rf1 fxe4 31. Nxe4 Qd5 0-1